Normal view MARC view

Entry Uniform Title

Number of records used in: 1

001 - CONTROL NUMBER

  • control field: 18

003 - CONTROL NUMBER IDENTIFIER

  • control field: OSt

005 - DATE AND TIME OF LATEST TRANSACTION

  • control field: 20220728112344.0

008 - FIXED-LENGTH DATA ELEMENTS

  • fixed length control field: 220728|| aca||aabn | a|a d

040 ## - CATALOGING SOURCE

  • Original cataloging agency: OSt
  • Transcribing agency: OSt

130 ## - HEADING--UNIFORM TITLE

  • Uniform title: SQL server

670 ## - SOURCE DATA FOUND

  • Source citation: Work cat.: (OSt)0: Gunderloy, Mike. 17, Mastering Microsoft SQL server 2005. /, 2006.

If you have any concerns or questions; kindly contact the library


© Powered by WIUC ICT DIRECTORATE